Rosa luxemburg, The Biography (Record no. 1433936)

MARC details
000 -LEADER
fixed length control field 00538nam a2200217Ia 4500
005 - DATE AND TIME OF LATEST TRANSACTION
control field 20250718145510.0
008 - FIXED-LENGTH DATA ELEMENTS--GENERAL INFORMATION
fixed length control field 008 250715s9999 xx 000 0 eng d
020 ## - INTERNATIONAL STANDARD BOOK NUMBER
International Standard Book Number 9781788731676 (Pbk)
037 ## - SOURCE OF ACQUISITION
Stock number Textual
040 ## - CATALOGING SOURCE
Original cataloging agency FLL
Transcribing agency FLL
041 ## - LANGUAGE CODE
Language code of text/sound track or separate title eng
Source of code eng
084 ## - COLON CLASSIFICATION NUMBER
Classification number X:3M24XM71, Q9
Assigning agency FLL
100 ## - MAIN ENTRY--PERSONAL NAME
Personal name NETTL J.P
9 (RLIN) 794569
245 #0 - TITLE STATEMENT
Title Rosa luxemburg, The Biography
250 ## - EDITION STATEMENT
Edition statement 1st
260 ## - PUBLICATION, DISTRIBUTION, ETC.
Name of publisher, distributor, etc. London Verso U.k
Date of publication, distribution, etc. 2019
300 ## - PHYSICAL DESCRIPTION
Extent xxxii,984 ill
365 ## - TRADE PRICE
Price amount 9801
942 ## - ADDED ENTRY ELEMENTS (KOHA)
Koha item type Textual
Holdings
Withdrawn status Lost status Damaged status Not for loan Home library Current library Date acquired Source of acquisition Total Checkouts Full call number Barcode Date last seen Price effective from Koha item type
        Faculty of Law Library Faculty of Law Library 2025-07-18 Segment book distributor   X:3M24XM71, Q9 LL1617980 2025-07-18 2025-07-18 Textual
Copyright @ Delhi University Library System